000 00286nam a22001337a 4500
008 170817b xxu||||| |||| 00| 0 eng d
020 _a9780521588881
041 _aeng
080 _233 ED
_a51
100 _a36
101 _aMAT
245 _aMATHEMATICA
_cWOLFRAM.S
942 _2udc
_cBK
999 _c23989
_d23989